| 000 | 00854nam a2200229 4500 | ||
|---|---|---|---|
| 003 | LK-CoMWRAF | ||
| 005 | 20231215103316.0 | ||
| 008 | 231202b2004 |||||||| |||| 00| 0 eng d | ||
| 040 |
_aLK-CoMWRAF _dLK-CoMWRAF _eLK-CoMWRAF |
||
| 041 | _aeng | ||
| 082 |
_a305.42 _bSHA |
||
| 100 | _aShaheed, Farida | ||
| 245 |
_aGreat ancestors : women asserting rights in Muslim contexts : _bThe narratives |
||
| 260 |
_aLahore: _bShirkat Gah, _c 2004 |
||
| 300 |
_axxi, 193 p. ill. (some color) ; 29 cm _b Bibliography, glossary and index included |
||
| 650 | _aFEMINISM | ||
| 650 | _aFeminism-Pakistan | ||
| 650 | _aWomen Legal status, laws- Islamic countries | ||
| 700 | _aShaheed, Aisha, L.F | ||
| 856 | _uhttps://shirkatgah.org/shirkat/wp-content/uploads/2017/01/Great-Ancestors-Women-Asserting-Rights-in-Muslim-Contexts-The-Narratives.pdf | ||
| 942 | _cBK | ||
| 999 |
_c4272 _d4272 |
||